Cyclisme - Vainqueur World Tour par nations 2023 - Statistiques

Statistiques générales
  • Ce quiz a été pris 111 fois
  • Le résultat moyen est 17 sur 20
Statistiques - réponses
Nombre de Victoires Nombre de Coureur Pays % Correct
10 7 France
100%
29 7 Belgique
98%
8 5 Espagne
98%
13 9 Italie
98%
21 9 Pays Bas
97%
25 3 Slovénie
97%
12 7 Royaume Uni
96%
7 6 Allemagne
91%
19 8 Danemark
91%
3 2 Etats Unis
90%
1 1 Suisse
89%
2 2 Portugal
88%
11 6 Australie
85%
1 1 Canada
80%
1 1 Irlande
80%
8 5 Colombie
79%
2 2 Pologne
74%
2 1 Autriche
67%
1 1 Erythrée
50%
1 1 République Tchèque
47%
Aucun quiz correspondant
Distribution des résultats
% des personnes avec chaque résultat
Percentile par nombre de réponses
Votre historique - résultats
Vous n’avez pas pris ce quiz